MARC
| LEADER | 00000nam a22000003a 4500 | ||
|---|---|---|---|
| 001 | stu81079 | ||
| 005 | 20250624134430.4 | ||
| 008 | 030619s--------xr------------------cze-d | ||
| 020 | |a 80-85235-54-4 | ||
| 040 | |a STU |b slo | ||
| 041 | 0 | |a cze | |
| 044 | |a xr | ||
| 080 | |a 65.012.43 |7 stu_us_auth*stu3366 | ||
| 100 | 1 | |a Vollmuth, Hilmar J. |4 aut | |
| 245 | 1 | |a Controlling - nový nástroj řízení | |
| 250 | |a 2. upr. vyd. | ||
| 260 | |a Praha : |b PROFESS | ||
| 300 | |a 136 s | ||
| 650 | 7 | |a controlling |2 estusub | |
| 650 | 7 | |a riadenie ekonomické |2 stusub | |
| 856 | 4 | |a https://sweb.mtf.stuba.sk/obsahy/controlling_novy_nastroj_rizeni_90.pdf |u https://sweb.mtf.stuba.sk/obsahy/controlling_novy_nastroj_rizeni_90.pdf |3 OBSAH | |
| 996 | |b 284M056768 |c M*11149-1 |l MMKN |s A |a 24 |w stu81079_0001 | ||
| 996 | |b 284M079383 |c M*11149-4 |l MMKN |s A |a 24 |w stu81079_0002 | ||
| 996 | |b 284M056770 |c M*11149-3 |l MMKN |s A |a 24 |w stu81079_0003 | ||
| 996 | |b 284M056769 |c M*11149-2 |l MMKN |s A |a 24 |w stu81079_0004 | ||
| 996 | |b 284M079384 |c M*11149-5 |l MMKN |s A |a 24 |w stu81079_0005 | ||
| 996 | |b 284M079385 |c M*11149-6 |l MMKN |s A |a 24 |w stu81079_0006 | ||
| 996 | |b 284M079386 |c M*11149-7 |l MMKN |s A |a 24 |w stu81079_0007 | ||
| 996 | |b 284M079387 |c M*11149-8 |l MMKN |s A |a 24 |w stu81079_0008 | ||
| 996 | |b 284M079388 |c M*11149-9 |l MMKN |s A |a 24 |w stu81079_0009 | ||
| 996 | |b 284M079389 |c M*11149-10 |l MMKN |s A |a 24 |w stu81079_0010 | ||
| 996 | |b 284M079390 |c M*11149-11 |l MMKN |s A |a 24 |w stu81079_0011 | ||
| 996 | |b 284M079391 |c M*11149-12 |l MMKN |s A |a 24 |w stu81079_0012 | ||
| 996 | |b 284M079392 |c M*11149-13 |l MMKN |s A |a 24 |w stu81079_0013 | ||